The beach house [CD/sound recording] / by Jane ... Read More
Available copies
- 2 of 2 copies available at LARL/NWRL Consortium. (Show)
- 2 of 2 copies available at Northwest Regional Library.
Current holds
0 current holds with 2 total copies.
View other formats and editions
Show Only Available Copies
| Location | Call Number / Copy Notes | Barcode | Shelving Location | Status | Due Date |
|---|---|---|---|---|---|
| Barb Geer Memorial LINK Site | BOOK-ON-CD GRE (Text) | 35500004430151 | Main | Available | - |
| Red Lake Falls Public Library | BOOK-ON-CD GRE (Text) | 35500004267413 | Main | Available | - |
Record details
- ISBN: 9780143143277
- ISBN: 0143143271
- Physical Description: 9 sound discs (ca. 11 hr.) : digital ; 4 3/4 in.
- Publisher: New York, N.Y. : Penguin Audio, p2008.
Content descriptions
| General Note: | Title from container. Unabridged. Compact discs. Duration: 11:00:00. |
| Creation/Production Credits Note: | Produced by Dan Musselman. |
| Participant or Performer Note: | Read by Cassandra Campbell. |
| Summary, etc.: | To the people of Nantucket, Nan is the crazy old ... Read More |
Search for related items by subject
| Subject: | Widows > Fiction. Nantucket (Mass.) > Fiction. Life change events > Fiction. Bed and breakfast accommodations > Fiction. |
| Genre: | Audiobooks. |
| LDR | 02007cim a2200433Ka 4500 | ||
|---|---|---|---|
| 001 | 93954 | ||
| 003 | LARL_NWRL_CONSORTIUM | ||
| 005 | 20080630154408.0 | ||
| 007 | sd fungnnmmneu | ||
| 008 | 080603s2008 nyunnn f n eng d | ||
| 020 | . | ‡a9780143143277 | |
| 020 | . | ‡a0143143271 | |
| 024 | 3 | . | ‡a9780143143277 ‡d53995 |
| 035 | . | ‡a(OCoLC)230460545 | |
| 037 | . | ‡bMidwest Tape ‡nhttp://www.midwesttapes.com | |
| 040 | . | ‡aTEFMT ‡cTEFMT ‡dRCS ‡dNRG | |
| 043 | . | ‡an-us-ma | |
| 082 | 0 | 4. | ‡a823/.914 ‡222 |
| 100 | 1 | . | ‡aGreen, Jane, ‡d1968- ‡0(LARL_NWRL_CONSORTIUM)44070 |
| 245 | 1 | 4. | ‡aThe beach house ‡h[CD/sound recording] / ‡cby Jane Green. |
| 260 | . | ‡aNew York, N.Y. : ‡bPenguin Audio, ‡cp2008. | |
| 300 | . | ‡a9 sound discs (ca. 11 hr.) : ‡bdigital ; ‡c4 3/4 in. | |
| 500 | . | ‡aTitle from container. | |
| 511 | 0 | . | ‡aRead by Cassandra Campbell. |
| 508 | . | ‡aProduced by Dan Musselman. | |
| 500 | . | ‡aUnabridged. | |
| 500 | . | ‡aCompact discs. | |
| 500 | . | ‡aDuration: 11:00:00. | |
| 520 | . | ‡aTo the people of Nantucket, Nan is the crazy old woman who goes skinny dipping in her neighbors' pools. Nan could care less what people think, but she does become concerned when her finances start to get a little tight. Soon she is in danger of losing the home she loves. She makes a few changes and soon she has some new folks living in her home. Nan is enjoying her new extended family when her son comes home for the summer. Then a surprise visitor arrives, throwing chaos into everyone's lives. | |
| 650 | 0. | ‡aWidows ‡vFiction. ‡0(LARL_NWRL_CONSORTIUM)167902 | |
| 651 | 0. | ‡aNantucket (Mass.) ‡vFiction. | |
| 650 | 0. | ‡aLife change events ‡vFiction. ‡0(LARL_NWRL_CONSORTIUM)165934 | |
| 650 | 0. | ‡aBed and breakfast accommodations ‡vFiction. ‡0(LARL_NWRL_CONSORTIUM)163677 | |
| 655 | 0. | ‡aAudiobooks. ‡0(LARL_NWRL_CONSORTIUM)175801 | |
| 700 | 1 | . | ‡aCampbell, Cassandra. ‡0(LARL_NWRL_CONSORTIUM)209083 |
| 901 | . | ‡a93954 ‡bOCLC ‡c93954 ‡tbiblio | |

Add to basket
Permalink
Enable Highlighting